| 000 | 01532cam a2200409 a 4500 | ||
|---|---|---|---|
| 999 |
_c174565 _d174565 |
||
| 001 | 2563799 | ||
| 003 | Nust | ||
| 005 | 20180731111810.0 | ||
| 008 | 950919s1996 maua b 000 1 eng | ||
| 010 | _a 95076721 | ||
| 020 |
_a9780141439563 _cRs. 380 |
||
| 038 | _aArshad | ||
| 040 |
_aDLC _cDLC _dDLC |
||
| 043 | _ae-uk--- | ||
| 050 | 0 | 0 |
_aPR4560 _b.A1 1996 |
| 082 | 0 | 0 |
_a823.8 _bDIC |
| 100 | 1 |
_aDickens, Charles, _d1812-1870. _912180 |
|
| 245 | 1 | 0 |
_aGreat expectations : _bwith and introduction and notes by Radhika Jones / _cCharles Dickens |
| 260 |
_aBoston : _bBedford Books of St. Martin's Press, _c1996. |
||
| 300 |
_axii, 514 p. : _bill. ; _c22 cm. |
||
| 440 | 0 |
_aCase studies in contemporary criticism _912181 |
|
| 504 | _aIncludes bibliographical references. | ||
| 600 | 1 | 0 |
_aDickens, Charles, _d1812-1870. _tGreat expectations. _912182 |
| 650 | 0 |
_aMan-woman relationships _vFiction. _96615 |
|
| 650 | 0 |
_aEx-convicts _vFiction. _911985 |
|
| 650 | 0 |
_aBenefactors _vFiction. _912183 |
|
| 650 | 0 |
_aYoung men _vFiction. _912184 |
|
| 650 | 0 |
_aRevenge _vFiction. _97967 |
|
| 650 | 0 |
_aOrphans _vFiction. _97117 |
|
| 651 | 0 |
_aEngland _vFiction. _91072 |
|
| 655 | 7 |
_aBildungsromans. _2gsafd _93698 |
|
| 700 | 1 |
_aCarlisle, Janice. _912185 |
|
| 856 | 4 | 2 |
_3Publisher description _uhttp://www.loc.gov/catdir/enhancements/fy0601/95076721-d.html |
| 906 |
_a7 _bcbc _corignew _d2 _eopcn _f19 _gy-gencatlg |
||
| 942 |
_2ddc _cBK |
||